Incel Terms for People - Statistics

General Stats
  • This quiz has been taken 240 times
  • The average score is 13 of 34
Answer Stats
Hint Answer % Correct
Very attractive man Chad
84%
Woman Foid
73%
Very attractive woman Stacy
71%
Someone whose partner has been unfaithful Cuck
69%
Average person Normie
66%
Weak male Beta
65%
Confident, high-status male Alpha
62%
Lone wolf Sigma
58%
Not in education, employment, or training NEET
55%
Very attractive Black man Tyrone
53%
Man who obsesses over someone else Simp
51%
Predictable person, like in a game NPC
48%
Moderately attractive woman Becky
47%
Man who obnoxiously 'protects' woman White Knight
45%
Short man Manlet
41%
Feminine man Soyboy
35%
Very attractive Asian man Chang
33%
30+ year old virgin Wizard
33%
Man at the very bottom of the social hierarchy Omega
30%
Someone with an attractive body but an ugly face Butterface
28%
(Usually incel) with a traditional job Wagecuck
28%
Moderately attractive man Brad
27%
Autistic person Sperg
24%
Obese woman Landwhale
23%
Attractive, feminine man Prettyboy
21%
Stereotypical attractive, athletic teenager Jock
19%
Sexually promiscuous woman Roastie
18%
Unrequited love interest Oneitis
17%
Man who is too agreeable and pleasant Nice Guy
16%
Someone who over-promotes progressive views SJW
16%
Unkempt man Neckbeard
11%
Someone ignorant about incels Inkwell
9%
Someone with a high sex drive Thirsty
9%
Someone who withdraws economically from society Galter
6%
No matching quizzes found
Score Distribution
Percent of People with Each Score
Percentile by Number Answered
Your Score History
You have not taken this quiz